000 00443nam a2200193Ia 4500
005 20250603145148.0
008 250603s9999 xx 000 0 und d
020 _a978-0-205-00806-3
050 _aJF 1351 .S448/
100 _aShafritz, Jan M.
245 0 _aIntroduction public administration
250 _a7th ed.
260 _aBoston
260 _bLongman
260 _c2011
300 _a568 p
650 _aBoston
942 _cBK
999 _c41057
_d41057